| 000 | 00851nam a2200277Ia 4500 | ||
|---|---|---|---|
| 003 | OSt | ||
| 005 | 20220930085434.0 | ||
| 006 | a|||||r|||| 00| 0 | ||
| 007 | ta | ||
| 008 | 220926b |||||||| |||| 00| 0 eng d | ||
| 024 | _a100449 | ||
| 037 | _cTheses | ||
| 040 |
_aCRL _cCRL _beng |
||
| 041 |
_2eng _aeng |
||
| 100 |
_aNguyen Thanh Minh _9540282 |
||
| 110 | _aUniversity of Delhi. Faculty of Arts. Department of Buddhist Studies | ||
| 245 | 0 | _aStudy of Cham buddhist art in Vietnam | |
| 260 | _c2009 | ||
| 300 |
_a139 _ap. _ccm. |
||
| 650 | _aBUDDHISM | ||
| 700 | _a Prof. Anita Sharma Gu. | ||
| 700 | _a Prof. K. T. S. Sarao Gu. | ||
| 700 | _aUniversity of Delhi. Faculty of Arts. Department of Buddhist Studies | ||
| 942 |
_cDIS _2CC |
||
| 999 |
_c878917 _d878917 |
||